| 000 | 00408nam a2200157Ia 4500 | ||
|---|---|---|---|
| 008 | 240729s9999 xx 000 0 und d | ||
| 022 | _a2406-0682 | ||
| 245 | 0 | _aMatematiÄki Vesnik | |
| 260 | _aSerbia | ||
| 260 | _bMathematical Society of Serbia | ||
| 650 | _a Mathematics | ||
| 650 | _aScience | ||
| 856 | _uhttps://doaj.org/toc/7165945aab19437e8e888724aa7ac90f | ||
| 942 | _2ddc | ||
| 942 | _cDOAJEJ | ||
| 999 |
_c69175 _d69175 |
||
| 945 |
_a1 _bMadushi Gamage _c1 _dMadushi Gamage |
||